000 00678nam a2200289Ia 4500
005 20260324124910.0
008 008 260324s9999 xx 000 0 eng d
020 _a9781315573007
037 _aEBOOK
040 _aCRL
040 _beng
040 _cCRL
041 _2eng
041 _aeng
084 _qCRL
100 _aScott Beattie
_91175922
245 0 _aCommunity, Space and Online Censorship
245 0 _bRegulating Pornotopia
260 _bTaylor and Francis
260 _c2009
365 _a
365 _b240
856 _uhttp://www.taylorfrancis.com/books/9781315573007
942 _cEBOOK
999 _c1770715
_d1770715